CaGeWeB
  • bibliotheken
  • achtergrond
  • partners
  • historiek
naar

MARC Record

Leader
003 BE-GnUNI
007 't'u
035
  
  
a| (MSK)314000685
084
  
  
a| II.GB.53
245
0
0
a| Great Pictures in Private Galleries Reproduced in Colour.
260
  
  
a| Londen : b| Cassell and Company Ltd.
500
  
  
a| Online: https://archive.org/search.php?query=Great%20Pictures%20in%20Private%20Galleries
546
  
  
a| Engels
500
  
  
a| Tijdschriften
852
4
  
b| MSK c| MSK j| II.GB.53
920
  
  
a| tijdschrift
001 000044846
005 20241224121706.0
  • CaGeWeB vzw

    p/a Bagattenstraat 174, 9000 Gent

    voorzitter: Hendrik Defoort
    bestuurders: Frea Vancraeynest, Brigitte De Meyer, Ellen Ryckx, Kim Robensyn